000 00252nam a2200097Ia 4500
001 932322
005 20250826214924.0
008 250824s9999 xx 000 0 und d
245 0 _aÇANAKKALE SAVAŞI
_cAHMET HALDUN TERZİOĞLU
260 _bPANAMA YAYINLARI
999 _c932322
_d932322